Introduction to Information Systems (Record no. 4864)

MARC details
005 - DATE AND TIME OF LATEST TRANSACTION
control field 20250624125534.0
020 ## - INTERNATIONAL STANDARD BOOK NUMBER
International Standard Book Number 978-0-07-304355-5
082 ## - DEWEY DECIMAL CLASSIFICATION NUMBER
Classification number 658.4 OBR
100 ## - MAIN ENTRY--PERSONAL NAME
Author name O'BRIEN,James A,
245 ## - TITLE STATEMENT
Title Introduction to Information Systems
250 ## - EDITION STATEMENT
Edition statement 13th Ed.
260 ## - PUBLICATION, DISTRIBUTION, ETC.
Place of publication, distribution, etc. Boston
Name of publisher, distributor, etc. McGraw-Hill Irwin,
Date of publication, distribution, etc. 2007
300 ## - PHYSICAL DESCRIPTION
Extent xxiii,543p.;Figure,Picture
Other physical details Glossary,Index,References
Dimensions 28cm
700 ## - ADDED ENTRY--PERSONAL NAME
Other authors/Editors George M Marakas
942 ## - ADDED ENTRY ELEMENTS (KOHA)
Source of classification or shelving scheme Dewey Decimal Classification
Koha item type Books
Holdings
Date last seen Total checkouts Full call number Barcode Date due Date last checked out Cost, replacement price Price effective from Koha item type Lost status Source of classification or shelving scheme Damaged status Not for loan Withdrawn status Home library Current library Shelving location Date acquired Source of acquisition Cost, normal purchase price
06/03/2026 1 658.4 OBR MZA0001843 06/17/2026 06/03/2026 90000.00 06/24/2025 Books   Dewey Decimal Classification       CBE Mwanza CBE Mwanza General Collection 07/09/2024 Library Budget 30000.00
06/24/2025   658.4 OBR MZA0001844     90000.00 06/24/2025 Books   Dewey Decimal Classification       CBE Mwanza CBE Mwanza General Collection 07/09/2024 Library Budget 30000.00
06/24/2025   658.4 OBR MZA0001845     90000.00 06/24/2025 Books   Dewey Decimal Classification       CBE Mwanza CBE Mwanza General Collection 07/09/2024 Library Budget 30000.00
06/24/2025   658.4 OBR MZA0001846     90000.00 06/24/2025 Books   Dewey Decimal Classification       CBE Mwanza CBE Mwanza General Collection 07/09/2024 Library Budget 30000.00